| 000 | 00671nam a2200169 4500 | ||
|---|---|---|---|
| 999 |
_c178222 _d178222 |
||
| 010 | _aMAL 9246 | ||
| 020 |
_a978-93-89869-15-6 _c300.00 |
||
| 035 | _aMA-8703 | ||
| 037 | _aDBAD/PUB | ||
| 082 | _a920 | ||
| 100 | _aഅഷ്റഫ്, കെ.ടി. | ||
| 245 |
_aജസ്റ്റിസ് ഫാത്തിമാബീവി : നീതിയുടെ ധീരസഞ്ചാരം / _cകെ.ടി. അഷ്റഫ് |
||
| 260 |
_aKozhikode _bമാതൃഭൂമി ബുക്ക്സ് _c2020 |
||
| 270 | _aMM Press, Cherootty Road, Kozhikode-673001 | ||
| 300 |
_a271p. _b22cm. |
||
| 942 |
_2ddc _cMA _h920 _mഅഷ്റ |
||